The concept of law.

Gespeichert in:
Bibliographische Detailangaben
1. Verfasser: Hart, H.L.A (autor)
Format: Buch
Sprache:Spanisch
Schriftenreihe:(Clarendon law series)
Schlagworte:
Tags: Tag hinzufügen
Keine Tags, Fügen Sie das erste Tag hinzu!

MARC

LEADER 00000cam^a2200000uu^4500
001 000486328
005 20250521000000.0
008 030409s1961^^^^^^^^^^^^rd^r^^000^0^spa^d
009 20260310125220.171
035 |a FCE 000029464 
035 |a FCE 030451 
037 |a Acervo ITESO - Biblioteca 
041 |a spa 
082 0 4 |a 340.1  |b HARc 
100 |a Hart, H.L.A  |e (autor) 
245 1 4 |a The concept of law. 
264 |a Oxford :  |b The Clarendon,  |c 1961. 
300 |a 262 p. 
336 |a texto  |b txt  |2 rdacontenido 
337 |a sin mediación  |b n  |2 rdamedio 
338 |a volumen  |b nc  |2 rdasoporte 
440 0 |a (Clarendon law series) 
649 |a XX 
650 |a Teoría 
650 |a Legislación 
650 |a Etica 
650 |a Derecho 
650 |a Moral 
650 |a Estudio y enseñanza 
910 |a Fondo Centro de Estudios Educativos 
920 |a Impresos - Libros 
930 |a Fondos Especiales 
905 |a 133 
901 |a ALE030451  |b IT2  |c CEE  |u 20250521 
902 |a https://opac.biblio.iteso.mx/vufind/Record/000486328